[Event "AUTO-OPEN-3976"]
[Site "http://www.queenalice.com/game.php?id=1573154"]
[Date "2019.6.2"]
[Round "3"]
[White "omega3"]
[Black "inda13"]
[Result "1-0"]
[WhiteElo "2140"]
[BlackElo "2308"]

1. c4 e5 2. g3 Nf6 3. Nc3 Nc6 4. Bg2 Be7 5. Nf3 d5 6. cxd5 Nxd5 7. Nxe5 Nxc3 8.
Bxc6+ bxc6 9. dxc3 Qd5 10. Qxd5 cxd5 11. Be3 Bb7 12. O-O Bf6 13. Nf3 O-O 14. Bd4
Bxd4 15. cxd4 Ba6 16. Rfe1 Rab8 17. b3 f6 18. Rac1 Rbc8 19. e3 c6 20. Rc5 Rf7
21. Rec1 Rfc7 22. Ne1 Kf7 23. Nc2 Bd3 24. Nb4 Be4 25. Rxc6 Rxc6 26. Rxc6 Rb8 27.
Rc7+ Kg6 28. Nc6 Rb6 29. Ne7+ Kh6 30. Nc8 Ra6 31. a4 Bf3 32. Rc1 g5 33. h3 Kg7
34. g4 h5 35. gxh5 Kh6 36. Kh2 Kxh5 37. Kg3 g4 38. h4 f5 39. Ne7 Be4 40. Rc5 Rb6
41. Rc8 Kh6 42. Rc6+ Rxc6 43. Nxc6 Bc2 44. Nxa7 Bxb3 45. a5 Bc4 46. Nc6 1-0

[Event "AUTO-OPEN-3976"]
[Site "http://www.queenalice.com/game.php?id=1573155"]
[Date "2019.6.2"]
[Round "3"]
[White "inda13"]
[Black "junipero"]
[Result "1-0"]
[WhiteElo "2306"]
[BlackElo "2089"]

1. d4 d5 2. c4 c6 3. Nf3 e6 4. Nc3 Nf6 5. Bg5 Nbd7 6. e3 Be7 7. Qc2 O-O 8. Bd3
h6 9. Bh4 b6 10. O-O Bb7 11. cxd5 cxd5 12. Rac1 Rc8 13. Qb1 a6 14. a4 Ne4 15.
Bxe7 Qxe7 16. Rfd1 Ndf6 17. Ne5 Qb4 18. f3 Nd6 19. Qc2 b5 20. axb5 Nxb5 21. Bxb5
axb5 22. Qe2 Qc4 23. Nxc4 1-0

[Event "AUTO-OPEN-3976"]
[Site "http://www.queenalice.com/game.php?id=1573156"]
[Date "2019.6.2"]
[Round "3"]
[White "junipero"]
[Black "inda13"]
[Result "0-1"]
[WhiteElo "2056"]
[BlackElo "2317"]

1. d4 d6 2. c4 e5 3. e3 Nd7 4. Nc3 g6 5. dxe5 Nxe5 6. b3 Bg7 7. Bb2 Nf6 8. Nf3
O-O 9. Be2 Qe7 10. O-O c6 11. Qc1 Rd8 12. Rd1 Nxf3+ 13. Bxf3 Bf5 14. h3 Rac8 15.
Ba3 Ne4 16. Bb2 Nc5 17. Be2 Qg5 18. g4 h5 19. f4 Qh4 20. Kg2 Be4+ 21. Nxe4 Nxe4
22. Rf1 Qg3+ 23. Kh1 Qxh3+ 24. Kg1 Bxb2 25. Qxb2 Qxe3+ 26. Kh1 Ng3+ 27. Kg2 Nxe2
28. Rf3 Nxf4+ 29. Kg3 h4+ 30. Kxh4 Qxf3 31. Rg1 Qh3+ 32. Kg5 Ne6+ 33. Kf6 Qh8+
0-1

[Event "AUTO-ELITE-2130"]
[Site "http://www.queenalice.com/game.php?id=1575631"]
[Date "2019.6.27"]
[Round "1"]
[White "inda13"]
[Black "guss"]
[Result "0-1"]
[WhiteElo "2342"]
[BlackElo "2473"]

1. d4 d5 2. c4 e6 3. Nc3 Nf6 4. Nf3 Be7 5. Bf4 O-O 6. e3 Nc6 7. Bd3 Nh5 8. Bg3
Nxg3 9. hxg3 h6 10. Rc1 Nb4 11. Be2 dxc4 12. Bxc4 c5 13. O-O cxd4 14. exd4 Bd7
15. a3 Rc8 16. Bb3 Nc6 17. Qd3 Re8 18. Bc2 g6 19. Rfe1 a6 20. d5 exd5 21. Nxd5
Bf8 22. Rxe8 Bxe8 23. Re1 Bg7 24. Qb3 Na5 25. Qd3 Kh8 26. b4 Bb5 27. Qe4 Rc4 28.
Qd3 Rd4 29. Qe3 Nc4 30. Qb3 Qxd5 31. Nxd4 Bxd4 32. Be4 Qd7 33. Qc2 Nxa3 34. Qb3
Bxf2+ 35. Kxf2 Qd2+ 36. Kf3 Nc4 37. Re2 Ne5+ 0-1

[Event "AUTO-ELITE-2130"]
[Site "http://www.queenalice.com/game.php?id=1575632"]
[Date "2019.6.27"]
[Round "1"]
[White "guss"]
[Black "inda13"]
[Result "1-0"]
[WhiteElo "2456"]
[BlackElo "2364"]

1. e4 g6 2. d4 Bg7 3. Nc3 d6 4. Nf3 Nf6 5. Be2 O-O 6. O-O c6 7. h3 Nbd7 8. Be3
e5 9. dxe5 Nxe5 10. Qd2 Qc7 11. Rad1 Nxf3+ 12. Bxf3 Rd8 13. Bg5 Be6 14. Qf4 Qe7
15. Rfe1 Re8 16. Qh4 Rad8 17. e5 dxe5 18. Ne4 Rxd1 19. Rxd1 Rd8 20. Nxf6+ 1-0

[Event "Challenge"]
[Site "http://www.queenalice.com/game.php?id=1577664"]
[Date "2019.7.17"]
[Round "-"]
[White "jpribeiro"]
[Black "inda13"]
[Result "1/2-1/2"]
[WhiteElo "2157"]
[BlackElo "2370"]

1. e4 g6 2. d4 Bg7 3. Nf3 d6 4. h3 Nf6 5. Bd3 O-O 6. Be3 Nbd7 7. Nbd2 c6 8. Qe2
e5 9. O-O exd4 10. Bxd4 Re8 11. c4 Ne5 12. Nxe5 dxe5 13. Bc3 1/2-1/2

[Event "Challenge"]
[Site "http://www.queenalice.com/game.php?id=1577665"]
[Date "2019.7.17"]
[Round "-"]
[White "inda13"]
[Black "jpribeiro"]
[Result "1-0"]
[WhiteElo "2363"]
[BlackElo "2185"]

1. d4 d5 2. c4 e6 3. Nc3 Be7 4. Nf3 Nf6 5. Bg5 h6 6. Bh4 g5 7. Bg3 O-O 8. e3 a6
9. Ne5 Nbd7 10. h4 dxc4 11. hxg5 hxg5 12. Qc2 Nxe5 13. dxe5 Nd7 14. Qh7# 1-0

[Event "AUTO-ELITE-2138"]
[Site "http://www.queenalice.com/game.php?id=1577981"]
[Date "2019.7.21"]
[Round "1"]
[White "AyltonChessGM"]
[Black "inda13"]
[Result "1/2-1/2"]
[WhiteElo "2226"]
[BlackElo "2291"]

1. d4 g6 2. c4 Bg7 3. Nf3 Nf6 4. Nc3 O-O 5. e3 d6 6. Be2 Nbd7 7. O-O e5 8. dxe5
dxe5 9. h3 c6 10. Qc2 Qc7 11. b3 Re8 12. Bb2 Nc5 13. Rfd1 Bf5 14. Qc1 Rad8 15.
Rxd8 Rxd8 16. Qf1 a5 17. Rd1 Nfe4 18. Nxe4 Bxe4 19. Rxd8+ Qxd8 20. Qa1 f6 21.
Bc3 b6 22. Nd2 Bf5 23. g4 Bd3 24. Bf3 Qd7 25. Bg2 Qe6 1/2-1/2

[Event "AUTO-ELITE-2138"]
[Site "http://www.queenalice.com/game.php?id=1577982"]
[Date "2019.7.21"]
[Round "1"]
[White "inda13"]
[Black "AyltonChessGM"]
[Result "1-0"]
[WhiteElo "2301"]
[BlackElo "1978"]

1. d4 Nf6 2. c4 e6 3. g3 d5 4. Nc3 a6 5. cxd5 exd5 6. Qa4+ c6 7. Bg2 b5 8. Qc2
Bb7 9. Nf3 Nbd7 10. O-O Bd6 11. e4 dxe4 12. Nxe4 Be7 13. Re1 O-O 14. Bg5 h6 15.
Be3 Nxe4 16. Qxe4 Nf6 17. Qc2 Nd5 18. a3 Nxe3 19. Rxe3 Bf6 20. Rd1 Qd6 21. Ne5
Rac8 22. b4 Rfd8 23. Qb3 Bxe5 24. Rxe5 Rc7 25. Bh3 Kf8 26. Qe3 Re7 27. Re1 Rxe5
28. dxe5 Qe7 29. e6 fxe6 30. Bxe6 Qf6 31. Qc5+ Qe7 32. Qxe7+ Kxe7 33. Bc8+ 1-0

[Event "AUTO-ELITE-2138"]
[Site "http://www.queenalice.com/game.php?id=1577985"]
[Date "2019.7.21"]
[Round "1"]
[White "Matt24"]
[Black "inda13"]
[Result "1-0"]
[WhiteElo "2562"]
[BlackElo "2336"]

1. d4 g6 2. e4 Bg7 3. Nf3 d6 4. c4 Nf6 5. Nc3 O-O 6. Be2 Nbd7 7. O-O e5 8. dxe5
dxe5 9. Be3 c6 10. Qc2 Qe7 11. Rad1 a5 12. Na4 Ng4 13. Bg5 Ngf6 14. c5 Rd8 15.
h3 h6 16. Be3 Ne8 17. Rd2 Nf8 18. Nb6 Rb8 19. Rxd8 Qxd8 20. Rd1 Qe7 21. Nc4 Nd7
22. Nxa5 Nc7 23. b4 Ne6 24. Nc4 Ng5 25. Nxg5 hxg5 26. Qa4 Nf8 27. Qa7 Qc7 28. a4
Ne6 29. b5 cxb5 30. axb5 b6 31. cxb6 1-0

[Event "AUTO-ELITE-2138"]
[Site "http://www.queenalice.com/game.php?id=1577986"]
[Date "2019.7.21"]
[Round "1"]
[White "inda13"]
[Black "Matt24"]
[Result "1/2-1/2"]
[WhiteElo "2334"]
[BlackElo "2554"]

1. d4 Nf6 2. c4 e6 3. g3 d5 4. Bg2 Be7 5. Nf3 O-O 6. O-O dxc4 7. Qc2 a6 8. Qxc4
b5 9. Qc2 Bb7 10. Nc3 b4 11. Na4 Be4 12. Qd1 Nbd7 13. b3 Qb8 14. Bb2 Qb7 15. Rc1
Rfd8 16. Nh4 Bxg2 17. Nxg2 c5 18. e3 cxd4 19. exd4 Rac8 20. Ne3 Rxc1 21. Qxc1 g6
22. Rd1 Rc8 23. Qd2 Nd5 24. Nc4 Rc7 25. Rc1 1/2-1/2

[Event "AUTO-ELITE-2155"]
[Site "http://www.queenalice.com/game.php?id=1584083"]
[Date "2019.9.20"]
[Round "1"]
[White "inda13"]
[Black "trompmaster"]
[Result "0-1"]
[WhiteElo "2331"]
[BlackElo "2407"]

1. d4 b6 2. c4 Bb7 3. Nc3 e6 4. e4 Bb4 5. Bd3 f5 6. Qh5+ g6 7. Qe2 Nf6 8. f3 Nc6
9. Be3 fxe4 10. fxe4 e5 11. Nf3 exd4 12. Nxd4 Ne5 13. Bc2 Nfg4 14. Bf4 Rf8 15.
O-O Bc5 16. Rad1 Qh4 17. Bg3 Rxf1+ 18. Qxf1 Qe7 19. Qe2 Nc6 20. Qxg4 Nxd4 21.
Bb1 Qe6 22. Qxe6+ dxe6 23. Bxc7 Nb5+ 0-1

[Event "AUTO-ELITE-2155"]
[Site "http://www.queenalice.com/game.php?id=1584084"]
[Date "2019.9.20"]
[Round "1"]
[White "trompmaster"]
[Black "inda13"]
[Result "1-0"]
[WhiteElo "2420"]
[BlackElo "2317"]

1. d4 Nf6 2. Nf3 d5 3. e3 e6 4. Bd3 c5 5. b3 Nc6 6. O-O Bd6 7. Bb2 O-O 8. dxc5
Bxc5 9. a3 Be7 10. Nbd2 Qc7 11. c4 Rd8 12. Qc2 h6 13. b4 dxc4 14. Nxc4 Nd5 15.
b5 Na5 16. Be5 Qd7 17. Nxa5 Nf6 18. Rfd1 Qe8 19. Bd4 Bd7 20. a4 Rdc8 21. Qb2 Qd8
22. Nc4 Ne8 23. Nfe5 Bf6 24. Nxd7 Qxd7 25. Bxf6 1-0

[Event "AUTO-ELITE-2155"]
[Site "http://www.queenalice.com/game.php?id=1584086"]
[Date "2019.9.20"]
[Round "1"]
[White "Matt24"]
[Black "inda13"]
[Result "1-0"]
[WhiteElo "2571"]
[BlackElo "2321"]

1. d4 Nf6 2. c4 g6 3. Nc3 Bg7 4. e4 d6 5. Nf3 O-O 6. Be2 e5 7. O-O Nc6 8. d5 Ne7
9. Bg5 Nh5 10. Re1 h6 11. Be3 f5 12. Bd3 f4 13. Bd2 Nf6 14. c5 g5 15. h3 g4 16.
hxg4 Bxg4 17. b4 Ng6 18. Be2 h5 19. Rc1 h4 20. Ng5 Bxe2 21. Qxe2 Qe7 22. Nb5 a6
23. cxd6 cxd6 24. Rc7 Nd7 25. Qh5 1-0

[Event "Challenge"]
[Site "http://www.queenalice.com/game.php?id=1587073"]
[Date "2019.10.17"]
[Round "-"]
[White "Diadoco"]
[Black "inda13"]
[Result "0-1"]
[WhiteElo "2296"]
[BlackElo "2289"]

1. e4 c5 2. Nf3 Nc6 3. Bb5 g6 4. O-O Bg7 5. c3 e5 6. d4 cxd4 7. cxd4 exd4 8. Bf4
Nge7 9. Bd6 O-O 10. Nbd2 Re8 11. Bc4 Na5 12. Bd3 Qb6 13. Ba3 d5 14. Re1 Bd7 15.
b3 Bc6 16. e5 a6 17. b4 Nc4 18. Bxc4 dxc4 19. Nxc4 Qc7 20. Qxd4 Nf5 21. Qc5 Rac8
22. Nb6 Rcd8 23. Bb2 Qb8 24. Nd4 Nxd4 25. Bxd4 Bf8 26. Qc3 Re6 27. a3 Rde8 28.
f4 Qd8 29. g3 Bd5 30. Rad1 Rxb6 31. Bxb6 Qxb6+ 32. Kf1 Be6 33. Re4 Bh3+ 34. Ke2
Bg4+ 0-1